Home information packs and home condition reports (Record no. 104784)

MARC details
000 -LEADER
fixed length control field 01167cam a2200217 4500
001 - CONTROL NUMBER
control field ##L131570
008 - FIXED-LENGTH DATA ELEMENTS--GENERAL INFORMATION
fixed length control field 051116n2005 000 0 eng u
035 ## - SYSTEM CONTROL NUMBER
System control number (Sirsi) u131570
041 0# - LANGUAGE CODE
Language code of text/sound track or separate title eng
050 04 - LIBRARY OF CONGRESS CALL NUMBER
Classification number 333.333 $2 18
110 ## - MAIN ENTRY--CORPORATE NAME
Corporate name or jurisdiction name as entry element United Kingdom
Subordinate unit Office of the Deputy Prime Minister
245 00 - TITLE STATEMENT
Title Home information packs and home condition reports
Remainder of title information for prospective home inspectors
260 ## - PUBLICATION, DISTRIBUTION, ETC.
Place of publication, distribution, etc. London
Name of publisher, distributor, etc. ODPM
Date of publication, distribution, etc. 2005
520 ## - SUMMARY, ETC.
Summary, etc. Provides guidance on the Home Condition Report, the standards required to undertake home inspections, electronic reporting and databanking of reports, the route to becoming a home inspector, the qualification in home inspection and indemnity insurance.
590 ## - LOCAL NOTE (RLIN)
Local note IKA221105
650 24 - SUBJECT ADDED ENTRY--TOPICAL TERM
Topical term or geographic name entry element HOUSING ACT 2004
650 ## - SUBJECT ADDED ENTRY--TOPICAL TERM
Topical term or geographic name entry element HOUSING ACT 2004 PART V
690 ## - LOCAL SUBJECT ADDED ENTRY--TOPICAL TERM (OCLC, RLIN)
Topical term or geographic name as entry element PROPERTY-RESIDENTIAL PROPERTY-ACQUISITION AND DISPOSAL OF RESIDENTIAL PROPERTY-HOME BUYING REFORM
856 40 - ELECTRONIC LOCATION AND ACCESS
Uniform Resource Identifier <a href="https://webarchive.nationalarchives.gov.uk/+/communities.gov.uk/pub/27/homeinformationpacksandhomeconditionreportspdf1671kb_id1151027.pdf">https://webarchive.nationalarchives.gov.uk/+/communities.gov.uk/pub/27/homeinformationpacksandhomeconditionreportspdf1671kb_id1151027.pdf</a>
Public note View the guidance free of charge at the webarchive.nationalarchives.gov.uk website.
942 ## - ADDED ENTRY ELEMENTS (KOHA)
Suppress in OPAC 0
Holdings
Withdrawn status Lost status Source of classification or shelving scheme Damaged status Not for loan Home library Current library Shelving location Date acquired Total Checkouts Full call number Barcode Date last seen Copy number Price effective from Koha item type
    Dewey Decimal Classification     Virtual Virtual Online 16/11/2005   ONLINE PUBLICATION 131570-2001 06/08/2019 1 06/08/2019 Book